| LEADER |
00649nam0a2200193 450 |
| 001 |
16831958 |
| 010 |
|
|
|a 978-2-8126-1603-7
|b br.
|d 11,5
|
| 100 |
|
|
|a 20180411d2018 u u0frey01 ba
|
| 101 |
0 |
|
|a fre
|
| 102 |
|
|
|a FR
|
| 200 |
0 |
|
|a révolte des animaux moches (La)
|f Coline Pierré
|g illustrations de Anne-Lise Combeaud
|
| 207 |
|
1 |
|a
|
| 210 |
|
|
|a Rodez
|c Rouergue
|d 2018
|
| 215 |
|
|
|a 1 vol. (200 p.)
|c ill.
|d 19 cm
|
| 700 |
|
0 |
|a Pierré
|b Coline
|f 1987-....
|4 70
|
| 702 |
|
0 |
|a Combeaud
|b Anne-Lise
|4 440
|
| 900 |
|
|
|a Roman enfant
|
| 901 |
|
|
|a Accessible au prêt
|
| 995 |
|
|
|a Bibliothèque
|c Bibliothèque
|f 024019627
|h 024019627
|k E C3 PIE
|o p
|q j
|r az
|e Bibliothèque
|